[Event "Ch Belarus (juniors) (under 20)"]
[Site "masterchessopen.com Minsk (Belarus)"]
[Date "2005.04.12"]
[Round "5"]
[White "Maiorov Nikita (BLR)"]
[Black "Romanov Vladimir (BLR)"]
[Result "1-0"]
[WhiteElo "2492"]
[BlackElo "2195"]

1.d4 Nf6 2.c4 e6 3.Nc3 Bb4 4.Qc2 d6 5.Bg5 Nbd7 6.e3 c5 7.Bd3 Qa5 8.Ne2 cxd4
9.Bxf6 Nxf6 10.exd4 O-O 11.O-O Bd7 12.a3 Bxc3 13.Nxc3 Qh5 14.f3 Rac8 15.Qf2 d5
16.c5 e5 17.Rae1 Rfe8 18.Ne2 e4 19.Ng3 Qg6 20.fxe4 dxe4 21.Nxe4 Ng4 22.Qg3 Bf5
23.Qf4 Nh6 24.Re3 Rcd8 25.Rg3 Qc6 26.Nd6 Bxd3 27.Rxd3 Re7 28.Rg3 Kh8 29.Rxg7
Kxg7 30.Qf6+ Kf8 31.Qxh6+ Kg8 32.Qg5+ Kf8 33.Qf6 {#r} 1-0

[Event "Ch England (team) 2004/05"]
[Site "masterchessopen.com England"]
[Date "2005.04.30"]
[Round "9"]
[White "Baburin Alexander (IRL)"]
[Black "Webb Laurence (ENG)"]
[Result "1-0"]
[WhiteElo "2511"]
[BlackElo "2336"]

1.d4 Nf6 2.c4 e6 3.Nc3 Bb4 4.Qc2 d6 5.Bg5 Nbd7 6.e3 e5 7.Ne2 h6 8.Bh4 Qe7 9.a3
Bxc3+ 10.Nxc3 g5 11.Bg3 exd4 12.Nb5 Nc5 13.O-O-O d3 14.Bxd3 a6 15.Nc3 Bd7
16.e4 Bc6 17.Rhe1 Nxd3+ 18.Qxd3 O-O-O 19.Nd5 Bxd5 20.exd5 Qf8 21.c5 Nd7
22.cxd6 cxd6 23.Kb1 Kb8 24.Rc1 Nb6 25.Qb3 Nc8 26.Rc6 Qg7 27.Rec1 Rhe8 28.Rxa6
Qg6+ 29.Ka1 f5 30.f3 f4 31.Bf2 Rd7 32.Qa4 b5 33.Ra8+ {#r} 1-0

[Event "Ch France (team) (nat.1) 2004/05"]
[Site "masterchessopen.com France"]
[Date "2005.05.07"]
[Round "10"]
[White "Ouakhir Mehdi (MAR)"]
[Black "Munschi Serge (FRA)"]
[Result "0-1"]
[WhiteElo "2239"]
[BlackElo "2309"]

1.d4 e6 2.c4 Nf6 3.Nc3 Bb4 4.Qc2 d6 5.Nf3 Nbd7 6.Bd2 a5 7.a3 Bxc3 8.Bxc3 Qe7
9.e3 O-O 10.Be2 b6 11.O-O-O Bb7 12.Nd2 c5 13.Rhg1 cxd4 14.exd4 d5 15.Bf3 Rfb8
16.Kb1 dxc4 17.Nxc4 Bxf3 18.gxf3 Rc8 19.Qd3 Nd5 20.Bd2 Nf8 21.Bg5 Qd7 22.h4
Qb5 23.Rc1 Rc7 24.Bh6 g6 25.Ne5 Qxd3+ 26.Nxd3 Rac8 27.h5 Rxc1+ 28.Bxc1 Nd7
29.hxg6 hxg6 30.Be3 Kg7 31.Ne5 N7f6 32.a4 Ne8 33.Rh1 Nd6 34.Bh6+ Kg8 35.Bg5 f6
36.Bxf6 Nxf6 37.Nxg6 Kf7 38.Ne5+ Ke7 39.Re1 Nf5 40.f4 Nd5 {#R} 0-1

[Event "Memorial Gyorgy Marx (cat.16)"]
[Site "masterchessopen.com Paks (Hungary)"]
[Date "2005.06.12"]
[Round "1"]
[White "Sasikiran Krishnan (IND)"]
[Black "Korchnoi Viktor (SUI)"]
[Result "1/2-1/2"]
[WhiteElo "2663"]
[BlackElo "2620"]

{ Sasikiran Krishnan (IND) +14 =4 -3 Korchnoi Viktor (SUI) +10 =7 -2 Sasikiran
Krishnan (IND)-Korchnoi Viktor (SUI) +0 =0 -1 } 1.d4 Nf6 2.c4 e6 3.Nc3 Bb4
4.Qc2 d6 ( 4...O-O 5.a3 Bxc3+ 6.Qxc3 d6 7.f3 c5 8.dxc5 dxc5 9.Bg5 Nc6 10.e4 (
10.e3 e5 11.Bd3 Qa5 12.Ne2 e4 13.fxe4 Ng4 14.Bf4 Be6 15.Rd1 f6 16.h3 Nge5
17.Bxe5 fxe5 18.Qxa5 Nxa5 19.Rc1 Rfd8 20.Rc3 Rab8 21.b3 b5 22.cxb5 Nxb3 23.a4
Rd6 24.Kf2 { ...0-1, Sasikiran Krishnan 2664 - Korchnoi Viktor 2642 , Bled
2002 Olympiad } ) 10...e5 11.Rd1 Qe7 12.Bd3 Re8 13.Qc1 h6 14.Be3 Nd4 15.Ne2
Nh5 16.O-O Be6 17.b4 Rac8 18.Bxd4 cxd4 19.f4 Bg4 20.fxe5 Qxe5 21.Rde1 f5 22.h3
Bxe2 23.Rxf5 Bxd3 24.Rxe5 { ...0-1, Castaneda Nelson 2285 - Korchnoi Viktor
2601 , Montreal 24. 7.2004 It "Quebec Blitz" } ) 5.Bg5 { = } 5...c5 ( 5...Nbd7
6.e3 b6 7.Bd3 Bb7 8.f3 h6 9.Bh4 Bxc3+ 10.Qxc3 e5 11.e4 Nxe4 12.Bxd8 Nxc3
13.Bxc7 e4 14.bxc3 exd3 15.Kd2 O-O 16.Bxd6 Rfe8 17.Kxd3 Re6 18.Bg3 Rae8 19.Nh3
Re2 20.Bf2 Bc8 21.c5 Nxc5+ 22.dxc5 Bxh3 23.gxh3 Rxf2 24.Rhf1 Rxh2 25.cxb6 {
...1/2-1/2, Turner Matthew 2491 - Speelman Jonathan S 2623 , Millfield 2000 Ch
Great Britain } ) 6.dxc5 ( 6.e3 h6 7.Bh4 Nc6 8.dxc5 dxc5 9.a3 Bxc3+ 10.Qxc3 e5
11.Bd3 Qa5 12.Ne2 Be6 13.Bxf6 { 1/2-1/2, Greenfeld Alon 2547 - Smyslov Vassily
2570 , Beer-Sheva 1990 It (cat.13) } ) 6...dxc5 ( 6...Bxc5 { -0.37 CAP } )
7.e3 ( 7.a3 Ba5 8.Nf3 Nc6 9.e3 h6 10.Bh4 Qe7 11.Be2 e5 12.Nd2 Bxc3 13.Qxc3 Bf5
14.g4 Bg6 15.Bf3 e4 16.Be2 Ne5 17.O-O-O O-O 18.Rhg1 Rfe8 19.Nb3 b6 20.h3 a5
21.Kb1 Qe6 22.Ka1 a4 23.Nc1 Nh7 24.Bg3 Ng5 25.Bxe5 Qxe5 26.Qxe5 Rxe5 { ...0-1,
Shishkov Andrei 2150 - Karner Hillar 2325 , Tallinn 1996 Ch Estonia } ) 7...h6
{ N } ( 7...Nc6 8.Nf3 Bxc3+ 9.Qxc3 Qa5 10.Qxa5 Nxa5 11.Be2 b6 12.O-O Bb7 13.a3
Ne4 14.Bh4 f6 15.Rad1 g5 16.Bg3 Nxg3 17.hxg3 Ke7 18.b4 Nc6 19.Rb1 Rhb8 20.bxc5
bxc5 21.Rb5 Ba6 22.Rxc5 Kd6 23.Rxc6+ Kxc6 24.Nd4+ Kd7 25.Rd1 Rb6 26.c5 { 1-0,
Kahn Evarth 2270 - Sprotte Norbert 2244 , Balatonbereny 1997 It (c) } ) 8.Bh4
Nc6 { +0.60 CAP } ( 8...Nbd7 9.a3 Bxc3+ 10.Qxc3 O-O 11.f3 Re8 12.O-O-O e5
13.Nh3 a5 14.Be2 Ra6 15.Qc2 Qc7 16.Nf2 Nf8 17.Rd2 Ng6 18.Bg3 Nh5 19.Ne4 f5
20.Nc3 f4 21.exf4 Ngxf4 22.Bd3 Nxg3 23.hxg3 Ne6 24.Nb5 Qe7 25.Re1 Nd4 26.Nxd4
cxd4 27.f4 Qc7 28.Rde2 { ...1-0, Bareev Evgeny 2580 - Timoshenko Georgy 2535 ,
Moscow 1989 Ch Moscow } ) ( 8...O-O 9.Bd3 { +0.04 CAP } ) 9.Ne2 { N } ( 9.a3
Bxc3+ 10.Qxc3 e5 11.Bd3 Qa5 12.Ne2 Be6 13.Bxf6 { 1/2-1/2, Greenfeld Alon 2547
- Smyslov Vassily 2570 , Beer-Sheva 1990 It (cat.13) } ) ( 9.Rd1 Qa5 10.Bxf6
gxf6 11.Nf3 Qxa2 12.Nd2 Qa5 13.Be2 f5 14.O-O Bxc3 15.Nb3 Qb4 16.bxc3 Qb6 17.f4
Bd7 18.Rb1 Ne7 19.Bf3 Qc7 20.Qf2 Rc8 21.e4 b6 22.exf5 Nxf5 23.Bg4 Ng7 24.Nd2
Bc6 25.f5 exf5 26.Bxf5 Nxf5 27.Qxf5 O-O 28.Qg4+ Kh7 { ...1/2-1/2, Karl Hans
2283 - Chepukaitis Genrikh 2390 , Bad Zwischenahn 2003 Ch World (seniors) } )
9...e5 10.a3 Ba5 11.Rd1 Qe7 12.Bxf6 Qxf6 13.Ng3 O-O 14.Be2 Qh4 { ?! ? } (
14...Nd4 { !? } 15.exd4 exd4 16.Qa4 Qb6 { = } ) 15.O-O f5 16.Nb5 Qe7 17.Nd6 g6
18.Nxc8 Raxc8 19.Rd5 Rcd8 20.Rfd1 e4 21.Bf1 Bc7 22.Ne2 Be5 23.Nc3 h5 24.Rxd8
Rxd8 25.Nd5 Qd6 26.g3 h4 27.Kg2 hxg3 28.hxg3 Kg7 29.Be2 Qe6 30.b4 Rh8 31.Kg1
g5 32.Bf1 cxb4 33.axb4 Bb8 34.Bg2 Ne5 35.Qc3 Kf7 36.Kf1 Rc8 37.c5 Rd8 38.Qb3
a6 39.Ke1 Kf8 40.Rd4 Nd3+ 41.Rxd3 exd3 42.Qxd3 Be5 43.Kf1 Qf7 44.Kg1 Bg7 45.e4
fxe4 46.Bxe4 Rd7 47.Kg2 Qe6 { ?! = } ( 47...Be5 { !? } 48.f3 Qe6 49.Qd1 Bg7 {
?/? } ) 48.Qf3+ { ?! ? } ( 48.Qe3 { !? } 48...Bb2 49.Nb6 Re7 50.f3 { = } )
48...Rf7 { ?! = } ( 48...Qf7 { !? } 49.Qxf7+ Rxf7 50.f4 gxf4 { ? } ) 49.Qd3
Rd7 50.Qf3+ { ?! ? } ( 50.Qe3 { !? } 50...Bb2 51.Nb6 Re7 52.f3 { = } )
50...Rf7 { ?! = } ( 50...Qf7 { !? } 51.Qxf7+ Rxf7 52.f4 gxf4 { ? } ) 51.Qd3
Rd7 { = } {#d} 1/2-1/2

[Event "It (a)"]
[Site "masterchessopen.com Balatonlelle (Hungary)"]
[Date "2005.06.24"]
[Round "7"]
[White "Banusz Tamas (HUN)"]
[Black "Hoelzl Franz (AUT)"]
[Result "1-0"]
[WhiteElo "2460"]
[BlackElo "2364"]

1.d4 Nf6 2.c4 e6 3.Nc3 Bb4 4.Qc2 d6 5.a3 Bxc3+ 6.Qxc3 c5 7.dxc5 dxc5 8.Bg5 O-O
9.e3 Nbd7 10.f3 a5 11.Nh3 a4 12.Nf2 Qa5 13.Qxa5 Rxa5 14.O-O-O b6 15.Be2 h6
16.Bh4 Ba6 17.Bg3 Rc8 18.Rd6 Bb7 19.Rhd1 Bc6 20.Ng4 Ra7 21.Nxf6+ gxf6 22.h4
Kf8 23.h5 Ke7 24.Bf4 Ne5 25.Bxh6 Bd5 26.cxd5 Kxd6 27.f4 Nd7 28.dxe6+ Kxe6
29.Bg7 f5 30.Bc4+ Ke7 31.Rd5 Nf8 32.Rxf5 Ne6 33.h6 {#r} 1-0

[Event "Ch Netherlands (open)"]
[Site "masterchessopen.com Dieren (Netherlands)"]
[Date "2005.07.26"]
[Round "1"]
[White "Struik Tjapko (NED)"]
[Black "Ikonnikov Vyacheslav (RUS)"]
[Result "0-1"]
[WhiteElo "2223"]
[BlackElo "2566"]

1.d4 Nf6 2.c4 e6 3.Nc3 Bb4 4.Qc2 d6 5.a3 Bxc3+ 6.Qxc3 c5 7.dxc5 dxc5 8.Bg5 Nc6
9.e3 Qa5 10.Qxa5 Nxa5 11.Bd3 b6 12.Nf3 Bb7 13.Ke2 Nd7 14.Rhd1 f6 15.Bh4 O-O-O
16.Rac1 Bxf3+ 17.Kxf3 Ne5+ 18.Ke2 Nxd3 19.Rxd3 Rxd3 20.Kxd3 Rd8+ 21.Kc3 a6
22.g4 Nc6 23.Bg3 Kb7 24.Rc2 Na5 25.h4 e5 26.b4 cxb4+ 27.axb4 Nc6 28.g5 e4
29.Kb3 fxg5 30.hxg5 Rd3+ 31.Ka4 Nd8 32.Be5 Ne6 33.g6 h5 34.Rc1 h4 35.Rh1 Kc6
36.b5+ axb5+ 37.cxb5+ Kd5 38.Bd4 Nxd4 39.exd4 Rxd4+ 40.Kb3 Rd3+ {#R} 0-1

[Event "Ch Europe (team)"]
[Site "masterchessopen.com Goteborg (Sweden)"]
[Date "2005.08.02"]
[Round "4"]
[White "Navara David (CZE)"]
[Black "Agrest Evgenij (SWE)"]
[Result "1/2-1/2"]
[WhiteElo "2646"]
[BlackElo "2571"]

{ Navara David (CZE) +0 =2 -0 Agrest Evgenij (SWE) +5 =2 -5 } 1.d4 Nf6 2.c4 e6
3.Nc3 Bb4 4.Qc2 d6 5.Nf3 O-O 6.g3 { = } 6...e5 ( 6...Nc6 7.Bg2 e5 8.dxe5 dxe5
9.O-O Bxc3 10.Qxc3 Re8 11.Be3 Qe7 12.Rfd1 h6 13.Nd2 Nd4 14.Bxd4 exd4 15.Qxd4
Qxe2 16.Nf1 c6 17.Ne3 Qh5 18.Re1 Be6 19.b3 Red8 20.Qc3 Rd7 21.Rad1 Rad8
22.Rxd7 Rxd7 23.Nf1 Qc5 24.Re2 h5 25.Rd2 Ng4 26.h3 { ...0-1, Timoscenko
Gennadij 2525 - Epishin Vladimir 2626 , Saint Vincent 2002 It (open) } ) (
6...Qe7 7.Bg2 e5 8.Bg5 exd4 9.Nxd4 Qe5 10.Bxf6 Qxf6 11.Rd1 Nc6 12.Nxc6 bxc6
13.Bxc6 Bf5 14.e4 Bg4 15.Rd3 Rab8 16.O-O Bxc3 17.Rxc3 Qd4 18.c5 dxc5 19.b3
Rfd8 20.Rxc5 Be6 21.Bd5 Bxd5 22.exd5 Rxd5 23.Rxc7 g6 24.Re1 Rbd8 25.Re4 Qa1+
26.Kg2 { ...0-1, Paulsen Dirk 2240 - Speelman Jonathan S 2520 , Dortmund 1981
It (cat.9) } ) 7.Bg2 Nc6 ( 7...Re8 8.O-O e4 9.Ng5 Bxc3 10.Qxc3 h6 11.Nh3 d5
12.b3 Nc6 13.Rd1 Ne7 14.f3 c6 15.Nf2 Ng6 16.fxe4 dxe4 17.Rf1 Bf5 18.Bb2 Qd7
19.Rad1 Rac8 20.d5 cxd5 21.g4 Nf4 22.Qe3 Nxg2 23.Kxg2 Nxg4 24.Qg3 Rc6 25.Rxd5
Rg6 26.Nd1 Ne5 27.Rxd7 { ...1/2-1/2, Ivanisevic Ivan 2555 - Kurajica Bojan
2550 , Bled 2002 Olympiad } ) 8.d5 ( 8.dxe5 dxe5 9.O-O Bxc3 10.bxc3 Be6 11.Ba3
Re8 12.Ng5 Qc8 { 1/2-1/2, Nogueiras Jesus 2550 - Jussupow Artur 2620 , Saint
John 1988 It (open) } ) 8...Ne7 ( 8...Nd4 9.Nxd4 exd4 10.a3 Bxc3+ 11.bxc3 dxc3
12.O-O Re8 13.Re1 Nd7 14.Qxc3 Nc5 15.e4 Bd7 16.h3 Na4 17.Qd4 c5 18.dxc6 Bxc6
19.Bf4 Nc5 20.Rad1 Ba4 21.Bxd6 Bxd1 22.Rxd1 b6 23.e5 Rc8 24.f4 Ne6 25.Qd5 Qd7
26.f5 Nf8 27.Qd3 Qa4 28.Bd5 { ...1-0, Milov Vadim 2683 - Djuric Stefan 2479 ,
Bastia 29.10.2004 It (open) } ) ( 8...Nb8 9.O-O Bxc3 10.Qxc3 Ne4 11.Qc2 f5
12.Nd2 Nf6 13.b3 Qe8 14.c5 Na6 15.cxd6 cxd6 16.Ba3 Qe7 17.Nc4 Ne8 18.f4 e4
19.g4 b5 20.Na5 b4 21.Nc6 Qh4 22.Bb2 Nc5 23.g5 h6 24.Bd4 hxg5 25.Bxc5 dxc5
26.Qxc5 g4 27.Ne7+ Kf7 28.Ng6 { ...1-0, Jakab Attila 2439 - Toth Ervin 2239 ,
Budapest 14. 2.2005 It (cat.1) (a) } ) 9.O-O { +0.04 CAP } 9...Bf5 10.e4 Bd7 {
N } ( 10...Bg4 11.h3 Bxf3 12.Bxf3 Bxc3 13.Qxc3 Nd7 14.b4 b6 15.Be3 f5 16.Qc2
a5 17.bxa5 Rxa5 18.a4 Nc5 19.Bd2 Ra6 20.Ra3 Qd7 21.Bg5 g6 22.Rfa1 fxe4 23.Bxe4
Nf5 24.Bxf5 Rxf5 25.Be3 Nb7 26.Kg2 Rf8 27.Bd2 Qf7 28.Bh6 Qf5 29.Qxf5 Rxf5
30.Bd2 { ...1/2-1/2, Bazant Petr 2361 - Jurasek Miroslav 2360 , Czech Republic
1999 Moravian League 1999/00 (1st) } ) 11.Ne1 Bc5 12.Nd3 Bb6 13.b4 { ?! } (
13.c5 { !? } 13...Bxc5 14.Nxc5 dxc5 15.f4 { } ) 13...a5 14.Ba3 axb4 15.Bxb4 c5
16.dxc6 Bxc6 17.Rab1 Bd4 18.Nb5 Bxb5 19.cxb5 Qd7 20.a4 Rfc8 21.Qb3 h5 22.Rfd1
Ng6 23.Ne1 d5 { ?! } ( 23...Nf8 { !? } 24.Qa3 Ng4 25.Nd3 Rd8 { } ) 24.exd5 Ng4
25.Rxd4 exd4 26.Nf3 d3 27.d6 Rc2 28.Qxd3 Ra2 { ? } ( 28...Rac8 29.Nd4 Rc1+
30.Rxc1 Rxc1+ { } ) 29.Bc5 { ? } ( 29.a5 Rc8 30.Nd2 Nf6 31.Ne4 { } )
29...R8xa4 30.h3 Nf6 31.Nd4 Ra1 { ?! } ( 31...h4 { !? } 32.Bb4 Ne5 33.Qf5 Rxb4
{ } ) 32.Rxa1 Rxa1+ 33.Kh2 Ne5 34.Qe2 Nfg4+ 35.hxg4 Nxg4+ 36.Kh3 Nxf2+ 37.Kh2
Ng4+ 38.Kh3 Nf2+ 39.Kh2 { } {#d} 1/2-1/2

[Event "Ch Nordic"]
[Site "masterchessopen.com Vammala (Finland)"]
[Date "2005.08.28"]
[Round "5"]
[White "Hillarp Persson Tiger (SWE)"]
[Black "Agrest Evgenij (SWE)"]
[Result "1/2-1/2"]
[WhiteElo "2534"]
[BlackElo "2571"]

{ Hillarp Persson Tiger (SWE) +11 =10 -8 Agrest Evgenij (SWE) +5 =3 -5 Hillarp
Persson Tiger (SWE)-Agrest Evgenij (SWE) +0 =0 -1 } 1.d4 Nf6 2.c4 e6 3.Nc3 Bb4
4.Qc2 d6 5.Nf3 O-O ( 5...Nbd7 6.g3 c5 7.Bg2 O-O 8.O-O a6 9.Rd1 Qc7 10.a3 Bxc3
11.Qxc3 Re8 12.b3 b6 13.Bb2 Bb7 14.Rac1 Rac8 15.b4 cxb4 16.axb4 Qb8 17.Qa3 Rc7
18.Bh3 h6 19.Qa1 Bxf3 20.exf3 Qb7 21.f4 d5 22.c5 b5 23.Rc3 Nh7 24.Re1 Ra8
25.f5 { ...0-1, Hillarp Persson Tiger 2482 - Agrest Evgenij 2574 , Skara 2002
Ch Sweden } ) 6.Bg5 Nbd7 { = } 7.Nd2 { -0.18 CAP } ( 7.e3 b6 8.Bd3 Bxc3+
9.bxc3 h6 10.Bh4 Bb7 11.Nd2 g5 12.Bg3 Nh5 13.Qd1 Ng7 14.h4 f5 15.hxg5 hxg5
16.f3 Qe7 17.Qb3 Kf7 18.O-O-O Rh8 19.c5 dxc5 20.Nc4 cxd4 21.cxd4 f4 22.Bf2 Nh5
23.Bc2 fxe3 24.Bxe3 Bd5 25.Qd3 Rag8 26.Ne5+ Nxe5 { ...1/2-1/2, Kasparov Garry
2700 - Karpov Anatoly 2720 , Moscow 1985 Ch World (match) } ) 7...c6 { N } (
7...h6 8.Bh4 b6 9.a3 Bxc3 10.Qxc3 Bb7 11.Bg3 Qe7 12.e3 a5 13.b3 e5 14.d5 c6
15.e4 cxd5 16.exd5 b5 17.Be2 bxc4 18.bxc4 Nc5 19.Qe3 Rfe8 20.O-O Bc8 21.Rfe1
Bf5 22.f4 Nfd7 23.Nf3 f6 24.Nh4 Be4 25.Bh5 Reb8 26.Ng6 Qd8 27.fxe5 { ...1-0,
Quinteros Miguel A 2503 - Rubinetti Jorge 2422 , Buenos Aires 1966 Ch
Argentina } ) 8.e3 e5 9.a3 Ba5 10.dxe5 Nxe5 11.b4 Bc7 12.Nde4 Qe7 { ?! } (
12...Be6 13.Be2 Nxc4 14.Bd3 Ne5 { } ) 13.Bxf6 { ?! } ( 13.Bd3 Re8 14.Nxf6+
gxf6 15.Bxh7+ { } ) 13...gxf6 14.Nd2 f5 15.g3 a5 16.Rb1 axb4 17.axb4 Be6
18.Be2 Ra3 19.O-O Qf6 20.Rfc1 Rfa8 21.Qb2 Qd8 22.Ra1 R3a7 23.Rxa7 Rxa7 24.Ra1
Qa8 25.Rd1 Qf8 26.Ra1 Qa8 27.Rd1 Qf8 28.Ra1 { } {#d} 1/2-1/2

[Event "It (open)"]
[Site "masterchessopen.com Schwarzburg (Germany)"]
[Date "2005.09.07"]
[Round "1"]
[White "Neubauer Bernd (GER)"]
[Black "Kiechl Stefan (GER)"]
[Result "1-0"]
[WhiteElo "2218"]
[BlackElo "1929"]

1.d4 Nf6 2.c4 e6 3.Nc3 Bb4 4.Qc2 d6 5.g3 Nc6 6.e3 O-O 7.Bg2 e5 8.d5 Ne7 9.Ne2
c5 10.O-O Bxc3 11.Nxc3 a6 12.a4 b6 13.e4 Nd7 14.Bd2 f5 15.f4 g6 16.Rae1 Rf7
17.b3 Qf8 18.fxe5 Nxe5 19.Bf4 Rf6 20.Qd2 Ra7 21.exf5 Nxf5 22.Bxe5 dxe5 23.Rxe5
Nd6 24.Qe2 Bf5 25.g4 Bc8 26.h3 Raf7 27.Rxf6 Rxf6 28.Ne4 Rf7 29.Ng5 Ra7 30.Qe3
Qf6 31.Ne6 Re7 32.g5 Qh8 33.Qe1 Nf7 34.Re3 Bxe6 35.Rxe6 Qd4+ 36.Kh1 Rd7
37.Rxb6 Ne5 38.Re6 Nd3 39.Re8+ Kg7 40.Re7+ Kh8 41.Qe6 Nf2+ 42.Kh2 {#r} 1-0

[Event "Memorial N. Mukhametzianov"]
[Site "masterchessopen.com Naberezhnye Chelny (Russia)"]
[Date "2005.10.16"]
[Round "0"]
[White "Kutsankov Vladimir (BLR)"]
[Black "Gavariev Renat (RUS)"]
[Result "0-1"]
[WhiteElo "2253"]
[BlackElo "2292"]

1.d4 Nf6 2.c4 e6 3.Nc3 Bb4 4.Qc2 d6 5.g3 O-O 6.Bg2 Nc6 7.e3 e5 8.d5 Ne7 9.Ne2
c6 10.O-O cxd5 11.Nxd5 Nexd5 12.cxd5 Bg4 13.Nc3 Qd7 14.f3 Bh5 15.e4 Rac8
16.Bd2 Bg6 17.Qd3 a6 18.Rfc1 Rc7 19.Qf1 Ne8 20.Bh3 f5 21.Qe2 Qd8 22.Kg2 Rcf7
23.Be3 Bxc3 24.Rxc3 fxe4 25.Be6 exf3+ 26.Qxf3 Nf6 27.Kg1 Kh8 28.Bxf7 Bxf7
29.Rac1 Bxd5 30.Qf5 Bc6 31.Rf1 Qd7 32.Qxd7 Nxd7 33.Rfc1 d5 34.Rxc6 bxc6
35.Rxc6 d4 36.Bd2 h6 37.Rxa6 Rc8 38.b4 Rc2 39.Be1 e4 40.Rd6 Ne5 41.a4 Nf3+
42.Kf1 Nxh2+ 43.Kg1 Nf3+ 44.Kf1 Nh2+ 45.Kg1 Nf3+ 46.Kf1 Rc1 47.b5 Rxe1+ 48.Kf2
d3 49.b6 Re2+ {#R} 0-1

[Event "It (open)"]
[Site "masterchessopen.com Calvia (Spain)"]
[Date "2005.10.22"]
[Round "2"]
[White "Rodriguez Lopez Rafael (ESP)"]
[Black "Campos Moreno Javier B (CHI)"]
[Result "1/2-1/2"]
[WhiteElo "2246"]
[BlackElo "2470"]

1.d4 Nf6 2.c4 e6 3.Nc3 Bb4 4.Qc2 d6 5.a3 Bxc3+ 6.Qxc3 c5 7.Nf3 b6 8.g3 Nbd7
9.Bg2 Bb7 10.O-O Rc8 11.Rd1 d5 12.cxd5 Bxd5 13.Bf4 O-O 14.Rac1 Qe7 15.dxc5
Rxc5 16.Qe1 h6 17.Bd2 Rxc1 18.Rxc1 Nc5 19.Be3 Nb3 20.Rc2 Rd8 21.Qc3 Ng4 22.Bf4
Nc5 23.Nd2 e5 24.Be3 Na4 25.Qb4 Qxb4 26.axb4 Nxe3 27.fxe3 Bxg2 28.Kxg2 b5
29.Ne4 Nb6 30.Rc7 Nd5 31.Rxa7 Nxe3+ 32.Kf3 Nc2 33.Rb7 f5 34.Nc3 Rd2 35.Rxb5
e4+ 36.Kf4 g6 37.Ke5 Ne3 38.Rb8+ Kg7 39.Rb7+ Kf8 40.Rb8+ Kg7 41.Rb7+ Kf8 {#d}
1/2-1/2

[Event "Bayern Landesliga South 2005/06"]
[Site "masterchessopen.com Bayern (Germany)"]
[Date "2005.12.11"]
[Round "4"]
[White "Christensen Niels (DEN)"]
[Black "Hartmann Wolfram (GER)"]
[Result "1-0"]
[WhiteElo "2287"]
[BlackElo "2247"]

1.d4 Nf6 2.c4 e6 3.Nc3 Bb4 4.Qc2 d6 5.Nf3 O-O 6.Bg5 Qe7 7.a3 Bxc3+ 8.Qxc3 Nbd7
9.e3 e5 10.Be2 c5 11.dxe5 dxe5 12.O-O Re8 13.Qc2 Nf8 14.Nd2 h6 15.Bh4 Ng6
16.Bg3 e4 17.Nb1 b6 18.Rd1 Ne5 19.Nc3 Bb7 20.Rd2 Rad8 21.Rad1 Rxd2 22.Rxd2 Bc6
23.Qd1 g5 24.Rd6 Ba8 25.Nb5 Nc6 26.Nc7 Qxc7 27.Rxf6 Qd8 28.Rd6 Qe7 29.Rxh6 f6
30.Bf1 Qf7 31.h4 Kg7 32.hxg5 fxg5 33.Rd6 Re6 34.Rd7 Re7 35.Rd5 Qf6 36.Qh5 Ne5
37.Rd8 Bb7 38.Rh8 Qg6 39.Bxe5+ Rxe5 40.Rg8+ Kxg8 41.Qxg6+ {#r} 1-0

[Event "Memorial C.Torre (knockout)"]
[Site "masterchessopen.com Merida (Mexico)"]
[Date "2005.12.20"]
[Round "2"]
[White "Akobian Varuzhan (USA)"]
[Black "Bruzon Lazaro (CUB)"]
[Result "1-0"]
[WhiteElo "2600"]
[BlackElo "2677"]

{ Akobian Varuzhan (USA) +3 =4 -0 Bruzon Lazaro (CUB) +0 =1 -0 } 1.d4 Nf6 2.c4
e6 3.Nc3 Bb4 4.Qc2 d6 ( 4...O-O 5.a3 Bxc3+ 6.Qxc3 b6 7.Nf3 Bb7 8.g3 d5 9.Bg2
Nbd7 10.O-O c5 11.cxd5 Nxd5 12.Qd3 Qc8 13.Re1 N5f6 14.Be3 Be4 15.Qd2 Qb7
16.Rac1 Rfc8 17.Red1 Bd5 18.Ne1 Bxg2 19.Nxg2 h6 20.dxc5 Nxc5 21.Bxc5 Ne4
22.Qe3 Nxc5 23.Nf4 Qe7 24.b4 { ...1/2-1/2, Granda Zuniga Julio E 2601 - Bruzon
Lazaro 2662 , Buenos Aires 10. 8.2005 Ch American Continent } ) 5.a3 Bxc3+
6.Qxc3 O-O 7.Nf3 Nbd7 { ?/= } 8.e3 ( 8.g3 b6 9.Bg2 Bb7 10.O-O Qe7 11.b4 c5
12.Bb2 cxd4 13.Qxd4 Rfc8 14.Rfd1 Ne8 15.e4 Rc7 16.Nd2 Rac8 17.Rac1 Qf6 18.Qxf6
Nexf6 19.f3 Kf8 20.Bf1 Ke7 21.Be2 g5 22.Kf2 g4 23.fxg4 Nxe4+ 24.Nxe4 Bxe4
25.g5 Ne5 26.Rd4 Bg6 27.h4 Nc6 { ...1/2-1/2, Kasparov Garry 2775 - Andersson
Ulf 2635 , Skelleftea 1989 Cup World } ) ( 8.Bg5 b6 9.Nd2 h6 10.Bh4 Bb7 11.f3
d5 12.cxd5 exd5 13.e3 Re8 14.Be2 Ne4 15.Nxe4 Qxh4+ 16.Ng3 c5 17.O-O Rac8
18.Rac1 g6 19.Bb5 Re7 20.Qd2 Nf8 21.dxc5 bxc5 22.b4 c4 23.Qc3 Re6 24.e4 Qd8
25.exd5 Qb6+ 26.Kh1 Re3 27.Qd2 c3 { ...1/2-1/2, Onischuk Alexander 2653 -
Ibragimov Ildar 2585 , Philadelphia 2003 It (open) "National Chess Congress" }
) 8...c5 ( 8...b6 9.b4 Bb7 10.Be2 a5 11.O-O Ne4 12.Qb2 f5 13.Bd2 Rf6 14.bxa5
Nxd2 15.Nxd2 Rxa5 16.Bf3 Bxf3 17.Nxf3 Rg6 18.Qa2 Qa8 19.Kh1 Qe4 20.Rfb1 Nf6
21.Rb5 Ra8 22.h3 Qc6 23.Qb3 Ne4 24.Ra2 Qe8 25.a4 Rf6 26.Kg1 Rf8 27.Nd2 Nxd2
28.Rxd2 { ...0-1, Barkhagen Jonas 2458 - Sokolov Ivan 2688 , Sweden 2002 Ch
Sweden (team) 2001/02 } ) 9.Be2 b6 10.b4 Bb7 11.Bb2 ( 11.O-O Rc8 12.dxc5 bxc5
13.Bb2 d5 14.b5 Qc7 15.a4 Rfe8 16.Rfd1 Re7 17.a5 Ne8 18.h3 f6 19.Nd2 Nd6
20.Bf1 Ne5 21.Qc2 Nexc4 22.Nxc4 Nxc4 23.Bxc4 dxc4 24.e4 Rd8 25.Rxd8+ Qxd8
26.Qxc4 Kf7 27.a6 Ba8 28.f3 Qd2 29.Bc3 Qd6 30.Be1 Qd4+ { ...1-0, Belov
Vladimir 2552 - Sasikiran Krishnan 2668 , Internet 9. 5.2004 It "Canarias En
Red" (final) } ) 11...Qe7 12.O-O Rfc8 { +0.56 CAP } ( 12...Rac8 13.dxc5 bxc5
14.b5 e5 15.a4 Ne4 16.Qc2 f5 17.Nd2 Rf6 18.f3 Nxd2 19.Qxd2 Rh6 20.Rf2 Rf8
21.Bf1 Rff6 22.g3 Rfg6 23.Bg2 Nf6 24.Rd1 Nh5 25.Qa5 f4 26.exf4 exf4 27.g4 Ng3
28.Qxa7 Re6 29.Qb8+ Kf7 30.b6 Ne2+ 31.Kf1 Ba6 32.Qc7 { ...0-1, Gagarin Vasilij
2424 - Cioara Andrei Nestor 2386 , Stockholm 12. 6.2005 It (cat.4) } ) 13.Qb3
{ N } ( 13.Rfd1 Ne4 ( 13...a5 14.Qb3 Ra7 15.Nd2 Rca8 16.f3 axb4 17.axb4 Bc6
18.Rxa7 Rxa7 19.Ra1 Rxa1+ 20.Bxa1 Qd8 21.Qa3 Ne8 22.e4 e5 23.b5 Qa8 24.Qxa8
Bxa8 25.d5 Bb7 26.g3 f6 27.f4 Kf7 28.Bg4 Nf8 29.Nb1 Ke7 30.Nc3 Nc7 31.Kf2 Kd8
32.Na4 Na8 { ...1/2-1/2, Grischuk Alexander 2710 - Leko Peter 2749 , Wijk aan
Zee 23. 1.2005 It (cat.19) } ) 14.Qb3 Ndf6 15.h3 cxd4 16.exd4 b5 17.cxb5 Nd5
18.Rac1 Nb6 19.Qe3 Bd5 20.Bd3 Qb7 21.Rxc8+ Rxc8 22.Rc1 Nf6 23.Rxc8+ Qxc8
24.Qc1 Qb7 25.Ne1 h6 26.f3 Qe7 27.Qc2 Nh5 28.Bc1 f5 29.Be3 Bb7 30.a4 Nd5
31.Qd2 Qh4 32.Bf2 Qf6 { ...1/2-1/2, Akobian Varuzhan 2558 - Real De Azua
Ernesto 2386 , Buenos Aires 9. 8.2005 Ch American Continent } ) ( 13.dxc5 dxc5
14.Rfd1 ( 14.b5 Ne8 15.a4 a5 16.Rad1 f6 17.Rd2 Nf8 18.Rfd1 Rd8 19.Qc2 Nd6
20.Ne1 Be4 21.Bd3 Bb7 22.Bf1 Rd7 23.f3 Rad8 24.Rd3 Qe8 25.R3d2 Qe7 26.Qc3 Ng6
27.Nc2 Ne5 28.Be2 Qe8 29.Ne1 Qe7 30.Qb3 Ng6 31.Qc2 Nf8 32.Rd3 Qe8 {
...1/2-1/2, Matveeva Svetlana 2437 - Bojkovic Natasa 2398 , Elista 25. 5.2004
Ch World (w) } ) 14...Ne8 15.b5 f6 16.a4 a5 17.bxa6 Rxa6 18.a5 Rca8 19.Qd2 Bc6
20.Bc3 bxa5 21.Rxa5 Nb6 22.Rb1 Rxa5 23.Bxa5 Na4 24.Rd1 Qa7 25.Bc3 { 1/2-1/2,
Kramnik Vladimir 2807 - Karpov Anatoly 2688 , Prague 2002 It "Eurotel World
Chess Trophy" } ) 13...Rab8 14.dxc5 dxc5 15.Rfd1 Ne8 16.Qa4 Rc7 17.Rd2 Bc6
18.Qb3 f6 19.Rad1 a5 20.Bc3 Ra8 21.bxa5 bxa5 22.Ne1 Rb7 { ?? } ( { ? }
22...Rb8 23.Qc2 a4 24.Bd3 Nf8 { } ) 23.Qc2 { ?? } ( 23.Qxb7 Bxb7 24.Rxd7 Qf8
25.Rxb7 { } ) 23...e5 24.Nd3 Rab8 25.Ra1 { ?! } ( 25.Bg4 g6 26.Ne1 a4 27.Qc1 {
} ) 25...a4 26.Rad1 Nf8 27.Nc1 Ne6 28.Bd3 Ng5 29.h4 e4 30.hxg5 exd3 31.Nxd3
Qe4 32.Nf4 fxg5 { ? } ( 32...Qxc4 { !? } 33.Ba5 Qxc2 34.Rxc2 Rb1 { } ) 33.Qxe4
Bxe4 34.Ne6 Bc6 { ?! } ( 34...Rc8 35.Rd8 Rbb8 36.Rxc8 Rxc8 { } ) 35.Nxc5 Rb1
36.Bb4 Rxd1+ 37.Rxd1 Rc8 38.f3 Nf6 39.e4 g4 40.e5 Nh5 41.fxg4 Nf4 42.e6 Re8
43.Rd6 Ba8 44.g3 Nh3+ 45.Kf1 Ng5 46.e7 Kf7 47.Ra6 Bf3 48.Nxa4 Bxg4 49.Nc3 Be6
50.Nd5 Ne4 51.Rxe6 Kxe6 52.Nc7+ Kd7 53.Kg2 { ?? } ( 53.Nxe8 Kxe8 54.Kg2 Nf6
55.Kf3 { } ) {#r} 1-0